The future of the environment : ecological economics and technological change

Αποθηκεύτηκε σε:
Λεπτομέρειες βιβλιογραφικής εγγραφής
Κύριος συγγραφέας: Duchin, Faye 1944-
Μορφή: Βιβλίο
Γλώσσα:English
Δημοσίευση: New York : Oxford University Press, 1994
Θέματα:
Ετικέτες: Προσθήκη ετικέτας
Δεν υπάρχουν, Καταχωρήστε ετικέτα πρώτοι!

MARC

LEADER 00000nam a2200000 i 4500
001 1/97525
008 991222s1994 eng d
020 |a 0-19-508574-4 
035 |l 10056167 
040 |a GR-MY-UA  |b gre  |e aacr 
041 0 |a eng 
082 0 |a 363.7 
100 1 |a Duchin, Faye  |d 1944- 
245 1 4 |a The future of the environment :  |b ecological economics and technological change /  |c Faye Duchin...[et al.] 
260 |a New York :   |b Oxford University Press,   |c 1994 
300 |a 222 p. 
504 |a Includes bibliographical references and index 
650 0 0 |a Sustainable development. 
650 0 0 |a Technological innovations  |x Economic aspects. 
852 |a INST  |b LESVOS  |e 19991222  |h 363.7 FUT  |p 005100022500  |q 005100022500  |t BK  |y 0 
901 |a BIBL1-2000-1 
909 |a Λ  |b 071435 
922 |a 1ΕΛΗ  |b 199912  |c ΚΠΣ/ΠΜΣ  |d ΠΑΠΑΣΩΤΗΡΙΟΥ 
950 |a 157-1999-10-15 
970 |a ΚΑΜΑΤΣΟΥ  |b ΔΕΣΠΟΙΝΑ  |z 2000/02/03